ARRUPE JESUIT UNIVERSITY

CORONAVIRUS -STOP THE SPREAD - CLEAN,DISINFECT,COVER

Spirit in the writings of John : (Record no. 118357)

MARC details
000 -LEADER
fixed length control field 01257cam a2200337 a 4500
001 - CONTROL NUMBER
control field 4792409
003 - CONTROL NUMBER IDENTIFIER
control field ARRUPE
005 - DATE AND TIME OF LATEST TRANSACTION
control field 20131015135857.0
008 - FIXED-LENGTH DATA ELEMENTS--GENERAL INFORMATION
fixed length control field 040419s2003 enk b 001 0 eng d
010 ## - LIBRARY OF CONGRESS CONTROL NUMBER
LC control number 2004298523
020 ## - INTERNATIONAL STANDARD BOOK NUMBER
International Standard Book Number 0826469868 (alk. paper)
020 ## - INTERNATIONAL STANDARD BOOK NUMBER
International Standard Book Number 0567084426 (pbk. : alk. paper)
035 ## - SYSTEM CONTROL NUMBER
System control number (OCoLC)ocm54043302
035 ## - SYSTEM CONTROL NUMBER
System control number (CStRLIN)NYCT04-B1933
035 ## - SYSTEM CONTROL NUMBER
System control number (NNC)4792409
040 ## - CATALOGING SOURCE
Original cataloging agency EQO
Transcribing agency EQO
Modifying agency BAN
-- DLC
-- CStRLIN
042 ## - AUTHENTICATION CODE
Authentication code lccopycat
050 00 - LIBRARY OF CONGRESS CALL NUMBER
Classification number BS2615.52
Item number .B77 2003
300 ## - PHYSICAL DESCRIPTION
Dimensions 24 cm.
100 1# - MAIN ENTRY--PERSONAL NAME
Personal name Brown, Tricia Gates.
9 (RLIN) 2568
245 10 - TITLE STATEMENT
Title Spirit in the writings of John :
Remainder of title Johannine pneumatology in social-scientific perspective /
Statement of responsibility, etc Tricia Gates Brown.
260 ## - PUBLICATION, DISTRIBUTION, ETC. (IMPRINT)
Place of publication, distribution, etc London ;
-- New York :
Name of publisher, distributor, etc T & T Clark International,
Date of publication, distribution, etc c2003.
300 ## - PHYSICAL DESCRIPTION
Extent vi, 307 p. ;
490 1# - SERIES STATEMENT
Series statement Journal for the study of the New Testament. Supplement series ;
Volume number/sequential designation 253
504 ## - BIBLIOGRAPHY, ETC. NOTE
Bibliography, etc Includes bibliographical references (p. [268]-291) and indexes.
630 00 - SUBJECT ADDED ENTRY--UNIFORM TITLE
Uniform title Bible.
Name of part/section of a work John
General subdivision Criticism, interpretation, etc.
9 (RLIN) 2569
650 #0 - SUBJECT ADDED ENTRY--TOPICAL TERM
Topical term or geographic name as entry element Holy Spirit
General subdivision Biblical teaching.
9 (RLIN) 2570
650 #0 - SUBJECT ADDED ENTRY--TOPICAL TERM
Topical term or geographic name as entry element Johannine school.
9 (RLIN) 2571
830 #0 - SERIES ADDED ENTRY--UNIFORM TITLE
Uniform title Journal for the study of the New Testament.
Name of part/section of a work Supplement series ;
Volume number/sequential designation 253.
9 (RLIN) 2572
942 ## - ADDED ENTRY ELEMENTS (KOHA)
Source of classification or shelving scheme Library of Congress Classification
Koha item type Monograph ( Printed materials)
Holdings
Withdrawn status Lost status Source of classification or shelving scheme Damaged status Not for loan Collection code Home library Current library Shelving location Date acquired Total Checkouts Full call number Barcode Date last seen Price effective from Koha item type
    Library of Congress Classification     Main Collection ARRUPE LIBRARY ARRUPE LIBRARY Main Collection 15/10/2013   BS2615.52 .B77 2003 46410729 01/08/2016 15/10/2013 Monograph ( Printed materials)

 

Arrupe Library. PO Box MP320 Mt Pleasant, Harare, Zimbabwe
263 242 745411|librarian@aju.ac.zw